| 000 | 00510 a2200169 4500 | ||
|---|---|---|---|
| 003 | Nust | ||
| 005 | 20170207153448.0 | ||
| 040 | _cNust | ||
| 082 | _a005.1 | ||
| 100 | _aJaved, Maj Azhar BESE-10 | ||
| 245 |
_aA robust VPN implementation based on resilient overlay network capabilities (Hard / Soft-copy) _cMaj Azhar Javed, PC Burhan Ul Haq and PC Muhammad Rizwan BESE-10 |
||
| 260 |
_bMCS _c2008 |
||
| 300 | _avi, 76 p. | ||
| 538 | _aAlimrah No 71 Shelf No 5 | ||
| 650 | _aUG Projects | ||
| 651 | _aUG CS Projects | ||
| 942 | _cTHS | ||
| 999 |
_c186746 _d186746 |
||